000
00260nam a2200109Ia 4500
008
230907s9999||||xx |||||||||||||| ||und||
082
_a
536.2
_b
ROL
100
_a
Rolle, Kurt C.
_9
19127
245
0
_a
Heat and mass transfer /
300
_a
603 p. :
942
_c
BK
999
_c
598946
_d
598946